Implementácia politiky štrukturálnych fondov EÚ v Rakúsku

Analýza implementácie regionálnej politiky v Rakúsku. Konkrétne formy finančnej pomoci zo štrukturálych fondov vo vybraných regiónov.

Gespeichert in:
Bibliographische Detailangaben
1. Verfasser: Rauscher, Michaela
Weitere Verfasser: Stoličná, Zuzana
Format: Buchkapitel
Sprache:Slowakisch
Schlagworte:
Tags: Tag hinzufügen
Keine Tags, Fügen Sie das erste Tag hinzu!

MARC

LEADER 00000naa a2200000 4500
001 0178824
005 20231011110750.4
041 0 |a slo 
044 |a SK 
245 1 0 |a Implementácia politiky štrukturálnych fondov EÚ v Rakúsku  |c Michaela Rauscher, Zuzana Stoličná 
520 |a Analýza implementácie regionálnej politiky v Rakúsku. Konkrétne formy finančnej pomoci zo štrukturálych fondov vo vybraných regiónov. 
610 2 0 |a fondy štruktúrne 
610 2 0 |a Rakúsko 
610 2 0 |a rozvoj regionálny 
610 2 0 |a solidarita 
610 2 0 |a efektívnosť 
610 2 0 |a fondy Európskej únie 
100 1 |a Rauscher, Michaela 
700 1 |a Stoličná, Zuzana